| 000 | 00521cam a2200193 4500 | ||
|---|---|---|---|
| 001 | D15500 | ||
| 008 | 090401t xxu||||| |||| 00| 0 eng d | ||
| 035 | _a(Sirsi) u23227 | ||
| 041 | _aeng | ||
| 050 | _a526.99028 | ||
| 110 |
_aRoyal Institution of Chartered Surveyors _94900 |
||
| 245 | _aHydrographic survey equipment 1983 catalogue | ||
| 260 |
_aLondon _bSurveyors Publications/ FIG |
||
| 300 | _a263p. 30cm | ||
| 350 | _a5 | ||
| 710 | _aFederation International Des Geometres | ||
| 942 | _n0 | ||
| 948 | _c04/03/1997 | ||
| 999 |
_c88357 _d88357 |
||